000 00570nam a2200157 i 4500
001 61596
003 ES-MaACL
005 20230906164511.0
007 t|
008 031112s1959 sp ||||1| spa d
245 0 0 _aExposición antológica del Tesoro documental, bibliográfico y arqueológico de España.
260 _aMadrid :
_bDirección General de Archivos y Bibliotecas,
_c1959 (
_eValencia :
_fModerna)
300 _a358 p., 119 lám. ;
_c24 cm.
710 1 _aEspaña.
_bDirección General de Archivos y Bibliotecas.
_93701
852 _aES-MaACL
_jC-51976
_bR.85668
999 _c61596
_d61596